Non-Stop - Hamilton Cast - All Lyrics - Statistics

General Stats
  • This quiz has been taken 903 times
  • The average score is 975 of 1162
Answer Stats
Answer % Correct
a
99%
A
99%
I
99%
the
99%
The
99%
to
99%
To
99%
(to
99%
Yo,
99%
Awww!
98%
Awwww!
98%
(Awwww)
98%
do
98%
Do
98%
f-
98%
we
98%
We
98%
be
97%
No
97%
No,
97%
no
97%
time
97%
time?
97%
an
96%
Hamilton
96%
Hamilton,
96%
Hamilton!
96%
New
96%
new
96%
of
96%
Of
96%
who
96%
you
96%
A-After
95%
After
95%
after
95%
Alexander
95%
Alexander?
95%
Alexander-
95%
and
95%
And
95%
Hey
95%
How
95%
how
95%
is
95%
Is
95%
men
95%
at
94%
back
94%
Burr
94%
Burr,
94%
in
94%
In
94%
law
94%
law,
94%
Maaaaan,
94%
man
94%
man…
94%
me
94%
my
94%
My
94%
non-stop!
94%
Non-stop!
94%
(Non-stop)
94%
war
94%
war,
94%
York
94%
your
94%
for
93%
for?
93%
For
93%
his
93%
His
93%
like
93%
Like
93%
out
93%
run
93%
running
93%
went
93%
write
93%
Write
93%
you’re
93%
You’re
93%
you're
93%
it
92%
it,
92%
on
92%
This
92%
this?
92%
this
92%
Why
92%
why
92%
Are
91%
are
91%
I’m
91%
that
91%
as
90%
day
90%
night
90%
practiced
90%
So
90%
work
90%
Ev’ry
89%
ev’ry
89%
History
89%
history
89%
hist’ry?
89%
next
89%
start
89%
then
89%
Then
89%
where
89%
door
88%
Even
88%
go
88%
He
88%
nation
88%
started
88%
what
88%
(What?)
88%
What
88%
What?
88%
(What
88%
all
87%
am
87%
not,
87%
not
87%
or
87%
same
87%
with
87%
With
87%
can
86%
Can
86%
need?
86%
need
86%
up
86%
very
86%
was
86%
began
85%
climb
85%
Constitution?
85%
constitution?
85%
Constitution,
85%
finished
85%
it’s
85%
It’s
85%
its
85%
Now
85%
now
85%
One
85%
one
85%
say!
85%
say
85%
though
85%
worked
85%
making
84%
studies
84%
top?
84%
we’re
84%
will
84%
If
83%
if
83%
fight,
82%
fight
82%
first
82%
rise
82%
sir
82%
sir?
82%
Sir,
82%
That’s
82%
that’s
82%
aware
81%
client
81%
client?
81%
Gentlemen
81%
gonna
81%
have
81%
jury,
81%
Keep
81%
keep
81%
know
81%
know…
81%
our
81%
Our
81%
room?
81%
than
81%
Wait
81%
wait
81%
wait...
81%
wait)
81%
wait!)
81%
wait!
81%
account
80%
lawyer
80%
smartest
80%
trial
80%
by
79%
just
79%
Just
79%
(Just
79%
U.S.
79%
won
79%
always
78%
essays,
78%
essays
78%
get
78%
may
78%
murder
78%
throwin’
78%
throwin'
78%
throwing
78%
alive
77%
alive,
77%
alive?
77%
defend
77%
Hear
77%
middle
77%
six
77%
talk
77%
way!
77%
way
77%
assume
76%
better
76%
Look
76%
look
76%
see
76%
There
76%
course
75%
don’t
75%
Don’t
75%
more
75%
needs
75%
plan
75%
series
75%
stand
75%
wrong
75%
Aaron
74%
believe?
74%
Convention:
74%
Convention!
74%
convention
74%
doom!
74%
going
74%
I’ll
74%
Okay!
74%
Okay
74%
too
74%
wrote
74%
behind
73%
enough
73%
enough?
73%
enough?)
73%
fought
73%
had
73%
important
73%
life,
73%
other
73%
right
73%
State?
73%
State
73%
strong
73%
Yes,
73%
attitude
72%
attitude's
72%
bear
72%
fifty-one!
72%
five
72%
Good
72%
lot
72%
much,
72%
they
72%
They
72%
thing
72%
world
72%
build
71%
but
71%
down
71%
has
71%
horse?
71%
once
71%
Soon
71%
survive?
71%
take
71%
Who’s
71%
would
71%
Would
71%
ask
70%
backing
70%
matter?
70%
perfected
70%
pride
70%
style?
70%
style
70%
brand-new
69%
Call
69%
chest
69%
chosen
69%
close
69%
eyes
69%
got
69%
legal
69%
share
69%
side
69%
sit
69%
sound
69%
stall
69%
understand
69%
waiting
69%
witness
69%
writing
69%
young
69%
asking
68%
confer,
68%
Constitutional
68%
could
68%
hand
68%
independence
68%
John
68%
mistake
68%
never
68%
notion
68%
practic’ly
68%
public
68%
read
68%
second
68%
around,
67%
around
67%
around!
67%
curious,
67%
killed
67%
sick
67%
support
67%
want
67%
wind
67%
blow
66%
court
66%
defending
66%
doubt
66%
fact
66%
forget
66%
form
66%
fraction
66%
full
66%
leave
66%
meantime
66%
mess
66%
miracle
66%
satisfied
66%
satisfied)
66%
Satisfied,
66%
shadow
66%
shot!
66%
stay
66%
which
66%
assistant
65%
away
65%
best
65%
days
65%
doing
65%
enemies!
65%
fails?
65%
fighting
65%
free
65%
government!
65%
innocent
65%
James
65%
London
65%
Madison
65%
off
65%
persuasive
65%
studied
65%
watching
65%
Watching
65%
wife
65%
disagree
64%
end,
64%
fun,
64%
hours!
64%
husband
64%
pays
64%
prove
64%
solution
64%
somewhere
64%
Treasury
64%
amendments
63%
Angelica
63%
constitution’s
63%
contradictions
63%
defense,
63%
intend
63%
I’ve
63%
lead
63%
listless!
63%
lucky
63%
mind
63%
own
63%
published
63%
someone
63%
taking
63%
Well,
63%
corrected
62%
grow
62%
isn’t
62%
Isn’t
62%
people
62%
three
62%
Bright
61%
delegate:
61%
indelicate…
61%
sailing
61%
Talks
61%
there’s
61%
twenty-nine
61%
wealthy
61%
afterbirth
60%
found
60%
incredible
60%
proposes
60%
sing
60%
accompanied
59%
ammunition
59%
injustice
59%
Jay
59%
junior
59%
Let’s
59%
liberty
59%
match
59%
months
59%
old
59%
peace
59%
abrasive
58%
comfort
58%
harmony
58%
seen
58%
song
58%
tension
58%
deliberation
57%
department?
57%
Goes
57%
Albany
56%
anonymously
56%
beyond
56%
Helpless…
56%
plans
56%
span
56%
such
56%
along
55%
divided
55%
document
55%
eighty-five
55%
grant
55%
phrase
55%
among
54%
proclamation
54%
stronger
54%
turn
54%
twenty-five
54%
won’t
54%
tomorrow
53%
Corruption’s
52%
evenly
52%
here
52%
nowhere
52%
arrive?
51%
guarantees
51%
total
51%
Co-counsel
50%
democracy
50%
succinct,
50%
States
49%
United
49%
counsel-
48%
verbal
48%
rocks
46%
these
46%
central
45%
forces
45%
Papers
44%
Weeks
44%
joins
43%
colony’s
42%
Federalist
42%
He's
41%
seems
41%
Socrates
41%
Levi
40%
service
40%
calling
39%
stalling
36%
honestly,
35%
increasingly
35%
mediocrities
35%
economy’s
33%
entitled
33%
No matching quizzes found
Score Distribution
Percent of People with Each Score
Percentile by Number Answered
Your Score History
You have not taken this quiz